000 00624nam a2200217Ia 4500
001 15379
003 GE_BSU
008 181216s||||||||xx |||||||||||||| ||und||
040 _cGE_BSU
080 _a821.353.1-1
100 _aქუჩიშვილი,გიორგი
245 _aბელადის დაძახილზე
245 _bლექსები
260 _aთბილისი
260 _bფედერაცია
260 _c1942
300 _a40გვ.15სმ.
653 _aბელადის დაძახილზე
653 _aლექსები
942 _cBK
999 _c48484
_d48484